000 00517nam a22001457a 4500
005 20251108165327.0
008 250721s1982 xx 000 0 ara d
082 1 4 _a333.919565/حيا
245 1 0 _aالحياة البحرية في خليج العقبة :
_bالمملكة الأدرنية الهاشمية /
264 1 _aعمان :
_bالجمعية الملكية لحماية الطبيعة،
_c1982.
300 _a48ص. : مص.
650 1 7 _aالعضويات المائية
942 _2ddc
_cBK
999 _c25169
_d25169